Statistics for Do you know One Direction

Click here to take the quiz!

General Stats

  • This quiz has been taken 4,582 times
    (4,580 since last reset)
  • The average score is 11 of 15

Answer Stats

HintAnswer% Correct
Which member has four nipplesHarry Styles
100%
Which member is "The swagmaster from doncaster"Louis Tomlinson
99%
Which member is considered the "vain" one of the bandZayn Malik
99%
Which member doesn't drink alcoholLiam Payne
98%
Which member is the youngestHarry Styles
92%
Which member was born on Christmas EveLouis Tomlinson
91%
Nandos is _______'s favorite restaurantNiall Horan
90%
What is the first song the band sang togetherTorn
84%
Which member had a dance off with Alan Carr on his showZayn Malik
84%
Which member loves turtles, Disney movies, and DanielleLiam Payne
80%
Who is their body gaurdPaul Higgins
76%
Which song on their album was written by Ed SheeranMoments
57%
Who made the final decision in letting Niall continue in the X FactorKaty Perry
44%
What school did Harry Styles go to?Holmes Chapel Comprehensive School
4%
What kind of vehicle did Louis drive in the "What Makes You Beautiful" videoOrange VW van
4%

Score Distribution

Percentile by Number Answered

Percent of People with Each Score

Your Score History

You have not taken this quiz since the last reset